Kisah para wali / (Record no. 937)

000 -LEADER
fixed length control field nam a22 a 4500
003 - CONTROL NUMBER IDENTIFIER
control field AKMAL
005 - DATE AND TIME OF LATEST TRANSACTION
control field 20170508094551.0
008 - FIXED-LENGTH DATA ELEMENTS--GENERAL INFORMATION
fixed length control field 170508r19942002my e 000 0 may d
020 ## - INTERNATIONAL STANDARD BOOK NUMBER
International Standard Book Number 9676900958 (kkt.):
Terms of availability RM 20.00
040 ## - CATALOGING SOURCE
Original cataloging agency AKMAL
082 ## - DEWEY DECIMAL CLASSIFICATION NUMBER
Classification number 297.22 DIN
090 00 - LOCALLY ASSIGNED LC-TYPE CALL NUMBER (OCLC); LOCAL CALL NUMBER (RLIN)
Classification number (OCLC) (R) ; Classification number, CALL (RLIN) (NR) 297.22
Local cutter number (OCLC) ; Book number/undivided call number, CALL (RLIN) DIN
100 1# - MAIN ENTRY--PERSONAL NAME
Personal name Attar, Farid al-Din
9 (RLIN) 1997
245 10 - TITLE STATEMENT
Title Kisah para wali /
Statement of responsibility, etc. Farid al-Din Attar ; [susunan] A. J. Arberry
260 ## - PUBLICATION, DISTRIBUTION, ETC.
Place of publication, distribution, etc. Batu Caves :
Name of publisher, distributor, etc. Thinker's Library,
Date of publication, distribution, etc. 2002
300 ## - PHYSICAL DESCRIPTION
Extent xii, 431ms. ;
Dimensions 22cm.
500 ## - GENERAL NOTE
General note Terjemahan dari: Muslim saints & mystics (episodes from the tadkirat al-auliya)
504 ## - BIBLIOGRAPHY, ETC. NOTE
Bibliography, etc. note Bibliografi : ms. 430-431
650 10 - SUBJECT ADDED ENTRY--TOPICAL TERM
Topical term or geographic name entry element Sufis
General subdivision Biography
9 (RLIN) 1998
650 20 - SUBJECT ADDED ENTRY--TOPICAL TERM
Topical term or geographic name entry element Sufism
Form subdivision Early works to 1800
9 (RLIN) 1596
650 20 - SUBJECT ADDED ENTRY--TOPICAL TERM
Topical term or geographic name entry element Islamic shrines
9 (RLIN) 1999
700 1# - ADDED ENTRY--PERSONAL NAME
Personal name Arberry, A.J.
Fuller form of name (Arthur John)
9 (RLIN) 2000
942 ## - ADDED ENTRY ELEMENTS (KOHA)
Source of classification or shelving scheme
Koha item type Book
Holdings
Withdrawn status Lost status Source of classification or shelving scheme Damaged status Not for loan Collection code Home library Current library Shelving location Date acquired Inventory number Total Checkouts Full call number Barcode Date last seen Price effective from Koha item type
          FICTION AKMAL Melaka AKMAL Melaka PINJAMAN 08.05.2017 000343   297.22 DIN 201702046 08.05.2017 08.05.2017 Book
Pusat Sumber Maklumat Dato' Haji Sarmin Md Hussin, Akademi Kastam Diraja Malaysia, Melaka
Tel: 06-2331106 | Faks: 06-2313787